000
00317 a2200145 4500
001
178633
020
_a
040
_c
Magnum
100
_a
Machado, Maria Clara
240
1
0
_a
Pluft, o fantasminha
_l
por
245
1
0
_a
Pluft, o fantasminha
362
0
_a
1899
697
_a
MAGNITO: IJ/FADAS, FANTASIA
942
_c
BK
999
_c
178633
_d
178633